| 000 | 00505nmm a2200169Ia 4500 | ||
|---|---|---|---|
| 008 | 251105s9999||||xx |||||||||||||||||und|| | ||
| 020 | _a9788494980657 | ||
| 041 | _aspa | ||
| 100 | _aBram Stoker | ||
| 245 | 0 | _aDrácula y el huésped de Drácula | |
| 264 |
_a[Buenos Aires, Argentina] : _bEditorial Del Nuevo Extremo, _c2021 |
||
| 300 | _a448 páginas | ||
| 490 | _aFicción adultos | ||
| 650 | _aScience fiction & Fantasy | ||
| 856 | _uhttps://public.digitaliapublishing.com/a/100197 | ||
| 942 | _cCF | ||
| 999 |
_c89522 _d89522 |
||